|
|
|
|
| LEADER |
02691nam a22003613i 4500 |
| 001 |
EBC6913565 |
| 003 |
MiAaPQ |
| 005 |
20231204023221.0 |
| 006 |
m o d | |
| 007 |
cr cnu|||||||| |
| 008 |
231204s2019 xx o ||||0 eng d |
| 020 |
|
|
|a 9788021095953
|q (electronic bk.)
|
| 035 |
|
|
|a (MiAaPQ)EBC6913565
|
| 035 |
|
|
|a (Au-PeEL)EBL6913565
|
| 035 |
|
|
|a (OCoLC)1305841919
|
| 040 |
|
|
|a MiAaPQ
|b eng
|e rda
|e pn
|c MiAaPQ
|d MiAaPQ
|
| 100 |
1 |
|
|a Doležalová, Lenka.
|
| 245 |
1 |
0 |
|a Speciálněpedagogická diagnostika surdopedická :
|b Metodické texty k projektu MUNI 4.0. Pedagogická fakulta, studijní program Logopedie (Bc.).
|
| 250 |
|
|
|a 1st ed.
|
| 264 |
|
1 |
|a Brno :
|b Masaryk University,
|c 2019.
|
| 264 |
|
4 |
|c {copy}2019.
|
| 300 |
|
|
|a 1 online resource (62 pages)
|
| 336 |
|
|
|a text
|b txt
|2 rdacontent
|
| 337 |
|
|
|a computer
|b c
|2 rdamedia
|
| 338 |
|
|
|a online resource
|b cr
|2 rdacarrier
|
| 505 |
0 |
|
|a Intro -- OBSAH -- O PROJEKTU -- ÚVOD -- 1 SLUCHOVÉ POSTIŽENÍ - VYMEZENÍ ZÁKLADNÍCH POJMŮ -- 1.1 Etiologie a klasifikace sluchových vad -- 1.2 Vyšetřovací metody: subjektivní a objektivní zkoušky sluchu -- 1.3 Vliv sluchového postižení na vývoj dítěte -- 2 VČASNÁ INTERVENCE A ZAJIŠTĚNÍ ADEKVÁTNÍ PÉČE O DÍTĚ S POSTIŽENÍM SLUCHU -- 2.1 Poradenská zařízení pro péči o dítě se sluchovým postižením v období raného a předškolního věku -- 2.2 Budování a rozvoj funkční komunikace u dítěte s postižením sluchu -- 2.3 Nástroje pro hodnocení sluchového vnímání a komunikačních schopností dítěte se sluchovým postižením. -- 3 SPECIÁLNĚPEDAGOGICKÁ DIAGNOSTIKA SURDOPEDICKÁ -- 3.1 Speciálněpedagogické centrum pro sluchově postižené -- 3.2 Diagnostika dítěte s postižením sluchu v předškolním věku (včetně diagnostiky školní zralosti) -- 3.3 Diagnostika dítěte s postižením sluchu ve školním věku -- SUMMARY -- LITERATURA -- SEZNAM OBRÁZKŮ A TABULEK -- JMENNÝ REJSTŘÍK -- VĚCNÝ REJSTŘÍK.
|
| 588 |
|
|
|a Description based on publisher supplied metadata and other sources.
|
| 590 |
|
|
|a Electronic reproduction. Ann Arbor, Michigan : ProQuest Ebook Central, 2023. Available via World Wide Web. Access may be limited to ProQuest Ebook Central affiliated libraries.
|
| 655 |
|
4 |
|a Electronic books.
|
| 700 |
1 |
|
|a Horáková, Radka.
|
| 776 |
0 |
8 |
|i Print version:
|a Doležalová, Lenka
|t Speciálněpedagogická diagnostika surdopedická
|d Brno : Masaryk University,c2019
|
| 797 |
2 |
|
|a ProQuest (Firm)
|
| 856 |
4 |
0 |
|u https://ebookcentral.proquest.com/lib/matrademy/detail.action?docID=6913565
|z Click to View
|